[Event "Wch Seniors 65 26th"]
[Site "Marianske Lazne"]
[Date "2016.11.21"]
[Round "3"]
[White "Rucka, Alois"]
[Black "Hasberger, Walter"]
[Result "1-0"]
[WhiteElo "1953"]
[BlackElo "1739"]
[PlyCount "73"]
[EventDate "2016.11.19"]
[EventType "swiss"]
[EventRounds "11"]
[EventCountry "CZE"]
[SourceTitle "CBM 175 Extra"]
[Source "ChessBase"]
[SourceDate "2016.12.12"]
[SourceVersion "1"]
[SourceVersionDate "2016.12.12"]
[SourceQuality "1"]

1. d4 d5 2. Nf3 Nf6 3. g3 g6 4. Bg2 Bg7 5. 0-0 0-0 6. Nbd2 Bf5 7. Nh4 Qd7 8. Nxf5 Qxf5 9. c4 c6 10. Qb3 Qd7 11. c5 Qc8 12. Nf3 Nbd7 13. Bf4 b6 14. cxb6 axb6 15. Rfc1 Qb7 16. Rc2 Rfc8 17. Rac1 Ne4 18. a3 h6 19. h4 e6 20. Qe3 Kh7 21. Nd2 Nxd2 22. Qxd2 Ra4 23. Be3 b5 24. Qd3 Rc4 25. h5 Rxc2 26. hxg6+ fxg6 27. Rxc2 Nf8 28. Bh3 Bf6 29. Bf4 Kg7 30. Bd6 Be7 31. Be5+ Bf6 32. Bxf6+ Kxf6 33. Qe3 g5 34. Qe5+ Kf7 35. Rc3 Qe7 36. Rf3+ Kg6 37. Bf5+ 1-0

[Event "SVK-ch Seniors"]
[Site "Tatranske Matliare"]
[Date "2013.06.03"]
[Round "2"]
[White "Ruckschloss, Karol"]
[Black "Rucka, Alois"]
[Result "1-0"]
[WhiteElo "2276"]
[BlackElo "1939"]
[PlyCount "75"]
[EventDate "2013.06.02"]
[EventType "swiss"]
[EventRounds "9"]
[EventCountry "SVK"]
[SourceTitle "EXT 2023"]
[Source "ChessBase"]
[SourceDate "2022.10.05"]
[SourceVersion "1"]
[SourceVersionDate "2022.10.05"]
[SourceQuality "1"]

1. c4 e5 2. Nc3 d6 3. g3 f5 4. Bg2 Nf6 5. e3 Be7 6. d4 0-0 7. Nge2 c6 8. b3 Qe8 9. Ba3 e4 10. Qd2 d5 11. Bxe7 Qxe7 12. cxd5 cxd5 13. Nf4 Rd8 14. h4 Nc6 15. Rc1 Qb4 16. 0-0 Ne7 17. Nxe4 Qxd2 18. Nxd2 Rd6 19. Rc2 Kf8 20. Rfc1 Bd7 21. Nf3 Bc6 22. Ne5 Ne4 23. f3 g5 24. Ne2 Nxg3 25. Nxg3 gxh4 26. Ne2 Kg7 27. Nf4 Rg8 28. Kh2 Rh6 29. Bh3 Kf6 30. Rg1 Rd8 31. a4 a6 32. Rc5 Rd6 33. Bf1 Be8 34. Be2 Rb6 35. Rxd5 Ng6 36. Bc4 h3 37. Nd7+ Bxd7 38. Rxd7 1-0

[Event "SVK-ch Seniors"]
[Site "Tatranske Matliare"]
[Date "2012.06.06"]
[Round "6"]
[White "Veselsky, Jozef"]
[Black "Rucka, Alois"]
[Result "1-0"]
[WhiteElo "2153"]
[BlackElo "1934"]
[PlyCount "85"]
[EventDate "2012.06.02"]
[EventType "swiss"]
[EventRounds "9"]
[EventCountry "SVK"]
[SourceTitle "EXT 2014"]
[Source "ChessBase"]
[SourceDate "2013.11.20"]
[SourceVersion "1"]
[SourceVersionDate "2013.11.20"]
[SourceQuality "1"]

1. d4 Nf6 2. Nf3 e6 3. c4 b6 4. g3 Bb7 5. Bg2 Be7 6. Nc3 0-0 7. 0-0 d5 8. b3 Nbd7 9. Qc2 Re8 10. Bb2 Rc8 11. Rad1 c5 12. dxc5 Nxc5 13. Qb1 Qc7 14. Nb5 Qb8 15. Be5 Qa8 16. Nc7 Rxc7 17. Bxc7 Nce4 18. Be5 Ng4 19. Bb2 Bc5 20. Bd4 Bxd4 21. Rxd4 e5 22. Rd3 Ngxf2 23. Rxf2 Nxf2 24. Kxf2 e4 25. Re3 Qd8 26. cxd5 Bxd5 27. Ne1 Qf6+ 28. Kg1 Qg5 29. Qc1 f5 30. Rc3 Qd8 31. Rc7 Bf7 32. e3 g5 33. Bf1 f4 34. exf4 Qd4+ 35. Kg2 e3 36. Bc4 Qd2+ 37. Kh1 Qxc1 38. Bxf7+ Kf8 39. Rxc1 Kxf7 40. fxg5 Rd8 41. Nf3 e2 42. Re1 Rd1 43. Kg2 1-0

[Event "SVK-ch Seniors-A"]
[Site "Tatranske Matliare"]
[Date "2011.05.??"]
[Round "4"]
[White "Rucka, Alois"]
[Black "Krisko, Milan"]
[Result "1/2-1/2"]
[WhiteElo "1923"]
[BlackElo "1832"]
[PlyCount "70"]
[EventDate "2011.05.27"]
[EventType "swiss"]
[EventRounds "9"]
[EventCountry "SVK"]
[SourceTitle "EXT 2023"]
[Source "ChessBase"]
[SourceDate "2022.10.05"]
[SourceVersion "1"]
[SourceVersionDate "2022.10.05"]
[SourceQuality "1"]

1. Nf3 Nf6 2. g3 d5 3. Bg2 Nc6 4. d4 e6 5. 0-0 Be7 6. Re1 h6 7. Nbd2 0-0 8. c3 a5 9. a4 b6 10. e4 dxe4 11. Nxe4 Nxe4 12. Rxe4 Bb7 13. Re1 Nb8 14. b3 Nd7 15. Bb2 Nf6 16. Qe2 Re8 17. Rad1 Bf8 18. Qd3 Qd6 19. c4 Rad8 20. Qc2 Qd7 21. Ne5 Qc8 22. Nc6 Rd6 23. d5 Bxc6 24. dxc6 Red8 25. Be5 Rxd1 26. Rxd1 Rxd1+ 27. Qxd1 Be7 28. Qd4 Qd8 29. h3 Qxd4 30. Bxd4 Ne8 31. Kf1 Bc5 32. Be5 Nd6 33. Ke2 f6 34. Bc3 Nf5 35. Be4 Nd4+ 1/2-1/2

[Event "Wch Seniors 20th"]
[Site "Arco"]
[Date "2010.11.04"]
[Round "9"]
[White "Rucka, Alois"]
[Black "Welz, Peter"]
[Result "0-1"]
[WhiteElo "1886"]
[BlackElo "2156"]
[PlyCount "54"]
[EventDate "2010.10.26"]
[EventType "swiss"]
[EventRounds "11"]
[EventCountry "ITA"]
[SourceTitle "EXT 2011"]
[Source "ChessBase"]
[SourceDate "2010.11.26"]
[SourceVersion "1"]
[SourceVersionDate "2010.11.26"]
[SourceQuality "1"]

1. Nf3 f5 2. c4 Nf6 3. Nc3 g6 4. g3 Bg7 5. Bg2 0-0 6. 0-0 d6 7. b3 e5 8. Bb2 Nc6 9. e3 h6 10. d3 g5 11. Rc1 Ne7 12. e4 f4 13. h3 Ng6 14. Nd5 g4 15. hxg4 Bxg4 16. Nxf6+ Qxf6 17. Qd2 h5 18. d4 Kh7 19. dxe5 dxe5 20. gxf4 Qxf4 21. Qxf4 Nxf4 22. Nh2 Ne2+ 23. Kh1 Nxc1 24. Nxg4 Nd3 25. Ba3 hxg4 26. Bxf8 Rxf8 27. Kg1 Nf4 0-1

[Event "SVK-ch Seniors-A"]
[Site "Tatranske Matliare"]
[Date "2010.06.??"]
[Round "9"]
[White "Profant, Jan"]
[Black "Rucka, Alois"]
[Result "1-0"]
[WhiteElo "1770"]
[BlackElo "1878"]
[PlyCount "97"]
[EventDate "2010.06.06"]
[EventType "swiss"]
[EventRounds "9"]
[EventCountry "SVK"]
[SourceTitle "EXT 2023"]
[Source "ChessBase"]
[SourceDate "2022.10.05"]
[SourceVersion "1"]
[SourceVersionDate "2022.10.05"]
[SourceQuality "1"]

1. e4 c5 2. Nf3 d6 3. d4 cxd4 4. Nxd4 Nf6 5. Nc3 a6 6. Be2 g6 7. Be3 Bg7 8. Qd2 Nc6 9. Nxc6 bxc6 10. 0-0 Qa5 11. Bh6 0-0 12. Bxg7 Kxg7 13. Rad1 Rb8 14. b3 Rd8 15. f3 h6 16. Na4 Qxd2 17. Rxd2 Bb7 18. c4 Nd7 19. Rfd1 c5 20. Nc3 Ne5 21. f4 Nc6 22. Bf3 Nd4 23. Kf2 e6 24. Ne2 e5 25. fxe5 dxe5 26. b4 cxb4 27. Nxd4 exd4 28. Rxd4 Rxd4 29. Rxd4 Re8 30. c5 a5 31. g3 Re5 32. Rc4 Bc6 33. Ke3 f5 34. Kf4 Kf6 35. Ke3 g5 36. h4 fxe4 37. hxg5+ hxg5 38. Bg2 Ke6 39. g4 Bd5 40. Rc2 Kd7 41. Kd4 Ke6 42. c6 b3 43. axb3 Bxb3 44. Rc3 Rd5+ 45. Kxe4 Rb5 46. Kd4 Bd5 47. c7 Rb4+ 48. Kd3 Bxg2 49. c8Q+ 1-0

[Event "SVK-ch Seniors-A"]
[Site "Tatranske Matliare"]
[Date "2010.06.??"]
[Round "4"]
[White "Rucka, Alois"]
[Black "Veselsky, Jozef"]
[Result "0-1"]
[WhiteElo "1878"]
[BlackElo "2144"]
[PlyCount "100"]
[EventDate "2010.06.06"]
[EventType "swiss"]
[EventRounds "9"]
[EventCountry "SVK"]
[SourceTitle "EXT 2023"]
[Source "ChessBase"]
[SourceDate "2022.10.05"]
[SourceVersion "1"]
[SourceVersionDate "2022.10.05"]
[SourceQuality "1"]

1. d4 d5 2. Nf3 e6 3. c4 c6 4. Nc3 Nf6 5. g3 Be7 6. Bg2 0-0 7. 0-0 Nbd7 8. Re1 h6 9. Qd3 a5 10. e4 dxe4 11. Nxe4 Nxe4 12. Qxe4 Nf6 13. Qc2 a4 14. a3 Qb6 15. Bd2 Re8 16. Rac1 Bd7 17. Rcd1 Rec8 18. Bc3 Qd8 19. Ne5 Be8 20. Qe2 Bf8 21. Bh3 Rcb8 22. Qf3 Nh7 23. Bg2 Nf6 24. h4 Qc7 25. Bd2 Qd8 26. Bc3 Qc7 27. Rd2 Rd8 28. Qd1 Ra6 29. Bf1 Raa8 30. Bd3 b5 31. c5 Nd5 32. Bb1 Nf6 33. Qc2 g6 34. Ba2 Bg7 35. Qd1 Nd5 36. Qg4 Nxc3 37. bxc3 Bxe5 38. Rxe5 Qxe5 39. dxe5 Rxd2 40. Bxe6 fxe6 41. Qxe6+ Bf7 42. Qxc6 Re8 43. f4 Rc2 44. Qxb5 Rd8 45. Qb1 Bb3 46. c6 Rdd2 47. c7 Rg2+ 48. Kh1 Rh2+ 49. Kg1 Rcg2+ 50. Kf1 Bc4+ 0-1

[Event "SVK-ch Seniors-A"]
[Site "Tatranske Matliare"]
[Date "2009.??.??"]
[Round "4"]
[White "Rucka, Alois"]
[Black "Balko, Dominik"]
[Result "1-0"]
[WhiteElo "1902"]
[BlackElo "1995"]
[PlyCount "85"]
[EventDate "2009.05.31"]
[EventType "swiss"]
[EventRounds "9"]
[EventCountry "SVK"]
[SourceTitle "EXT 2023"]
[Source "ChessBase"]
[SourceDate "2022.10.05"]
[SourceVersion "1"]
[SourceVersionDate "2022.10.05"]
[SourceQuality "1"]

1. d4 c6 2. Nf3 d5 3. c4 Nf6 4. Nc3 Bf5 5. Bf4 e6 6. e3 Bd6 7. Be5 Bxe5 8. Nxe5 Nbd7 9. cxd5 Nxe5 10. dxe5 Nxd5 11. Nxd5 exd5 12. Qd4 0-0 13. Be2 Qa5+ 14. b4 Qb6 15. 0-0 Qxd4 16. exd4 a5 17. b5 Bd7 18. bxc6 bxc6 19. f4 Rfb8 20. Rab1 Bf5 21. Rxb8+ Rxb8 22. Rc1 Bd7 23. Bd3 g6 24. Rb1 Rxb1+ 25. Bxb1 Kf8 26. Kf2 Ke7 27. Kf3 Kd8 28. g4 h6 29. h4 Kc7 30. f5 g5 31. hxg5 hxg5 32. f6 c5 33. dxc5 Kc6 34. Bg6 Be6 35. Bf5 Bd7 36. e6 fxe6 37. f7 exf5 38. f8Q fxg4+ 39. Kg3 Kb5 40. Qd6 Bc6 41. Kxg4 a4 42. Kxg5 a3 43. Kf5 1-0